Radiation physics for medical physicists / (رقم التسجيلة. 42667)

تفاصيل مارك
000 -الفاتح
حقل البيانات ثابتة الطول 01395nam a2200349Ii 4500
003 - محدد رقم الضبط
رقم الضبط OSt
005 - وقت وتاريخ اخر تعامل مع التسجيلة
رقم الضبط 20180829172237.0
008 - عناصر البيانات ثابتة الطول - معلومات عامة
حقل البيانات ثابتة الطول 161110s2016 sz a ob 001 0 eng d
020 ## - الرقم الدولى المعيارى للكتب
الرقم الدولى المعيارى للكتاب 9783319253824
020 ## - الرقم الدولى المعيارى للكتب
الرقم الدولى المعيارى للكتاب 3319253824
020 ## - الرقم الدولى المعيارى للكتب
الرقم الدولى المعيارى للكتاب الملغى /الخاطئ 9783319253800
040 ## - مصدر الفهرسة
وكالة الفهرسة الأصلية GW5XE
لغة الفهرسة eng
قواعد الوصف rda
-- pn
وكالة النسخ GW5XE
050 #4 - رقم طلب مكتبة الكونجرس
رقم التصنيف R895
رقم المادة .P632 2016eb
082 04 - رقم تصنيف ديوى العشرى
رقم التصنيف 610.153
رقم الطبعة 23
رقم المادة PER
100 1# - المدخل الرئيسى - إسم شخصى
الإسم الشخصى PodgorŁak, E. B.
الشكل الأكمل للاسم (Ervin B.),
الدور author
9 (RLIN) 64492
245 10 - بيان العنوان
العنوان Radiation physics for medical physicists /
بيان المسئوليه,etc Ervin B. Podgor¿Łak
250 ## - بيان الطبعة
بيان الطبعة Third edition
300 ## - الوصف المادى
التعداد 1 online resource (lvii, 906 pages) :
تفاصيل ماديه اخرى للوعاء illustrations
490 1# - بيان السلسلة
عنوان السلسلة Graduate texts in physics
504 ## - تبصرة ببليوجرافية
تبصرة ببليوجرافية,الخ Includes bibliographical references and index
506 ## - تبصرة قيود الاتاحة
قيود الإتاحة Available to OhioLINK libraries
650 #0 - المدخل الاضافى بالموضوع-مصطلح موضوعى
مصطلح موضوعي أو اسم جغرافي كعنصر مدخل Medical physics
9 (RLIN) 64493
650 #0 - المدخل الاضافى بالموضوع-مصطلح موضوعى
مصطلح موضوعي أو اسم جغرافي كعنصر مدخل Medical radiology
9 (RLIN) 64494
650 12 - المدخل الاضافى بالموضوع-مصطلح موضوعى
مصطلح موضوعي أو اسم جغرافي كعنصر مدخل Radiation, Ionizing
9 (RLIN) 64495
650 22 - المدخل الاضافى بالموضوع-مصطلح موضوعى
مصطلح موضوعي أو اسم جغرافي كعنصر مدخل Health Physics
التقسيم الفرعي العام methods
9 (RLIN) 56336
650 #4 - المدخل الاضافى بالموضوع-مصطلح موضوعى
مصطلح موضوعي أو اسم جغرافي كعنصر مدخل Ionizing radiation
9 (RLIN) 18558
710 2# - المدخل الاضافى - اسم هيئه
اسم الهيئة أو اسم السلطة كمدخل Ohio Library and Information Network
9 (RLIN) 34759
856 40 - الوصول و الموقع الالكترونى
معرف المصدر الموحد <a href="http://rave.ohiolink.edu/ebooks/ebc/9783319253824">http://rave.ohiolink.edu/ebooks/ebc/9783319253824</a>
مواد محددة OhioLINK
تبصرة عامة Connect to resource
856 40 - الوصول و الموقع الالكترونى
معرف المصدر الموحد <a href="http://link.springer.com/10.1007/978-3-319-25382-4">http://link.springer.com/10.1007/978-3-319-25382-4</a>
مواد محددة SpringerLink
تبصرة عامة Connect to resource
856 40 - الوصول و الموقع الالكترونى
معرف المصدر الموحد <a href="http://proxy.ohiolink.edu:9099/login?url=http://link.springer.com/10.1007/978-3-319-25382-4">http://proxy.ohiolink.edu:9099/login?url=http://link.springer.com/10.1007/978-3-319-25382-4</a>
مواد محددة SpringerLink
تبصرة عامة Connect to resource (off-campus)
942 ## - عناصر المدخل الإضافي( كوها)
Koha [default] item type كتاب
المقتنيات
حالة الفقد نموذج السعر الفعال حالة تلف ليس للاعارة رقم الطلب تاريخ الاكتساب الموقع الحالي الباركود الفرع الرئيسي Date last seen نوع المادة فى نظام كوها مصدر التصنيف او خطة الترفيف Total Checkouts
  2018-08-29     610.153 PER 2018-08-29 المكتبة المركزية بالمجمعة (CL) 00657475 المكتبة المركزية بالمجمعة (CL) 2018-08-29 كتاب Dewey Decimal Classification  
  2018-08-29     610.153 PER 2018-08-29 المكتبة المركزية بالمجمعة (CL) 00657476 المكتبة المركزية بالمجمعة (CL) 2018-08-29 كتاب Dewey Decimal Classification  
  2018-08-29     610.153 PER 2018-08-29 المكتبة المركزية بالمجمعة (CL) 00657477 المكتبة المركزية بالمجمعة (CL) 2018-08-29 كتاب Dewey Decimal Classification  
  2018-09-04     610.153 PER 2018-09-04 مكتبة كلية التربية بالزلفى - طالبات (EZF) 00657670 مكتبة كلية التربية بالزلفى - طالبات (EZF) 2018-09-04 كتاب Dewey Decimal Classification  
  2018-09-04     610.153 PER 2018-09-04 مكتبة كلية التربية بالزلفى - طالبات (EZF) 00657671 مكتبة كلية التربية بالزلفى - طالبات (EZF) 2018-09-04 كتاب Dewey Decimal Classification  
  2019-08-22     610.153 PER 2019-08-22 مكتبة كلية العلوم الطبية التطبيقية بالمجمعة - طالبات (AMF) 00157923 مكتبة كلية العلوم الطبية التطبيقية بالمجمعة - طالبات (AMF) 2019-08-22 كتاب Dewey Decimal Classification  
  2019-08-22     610.153 PER 2019-08-22 مكتبة كلية العلوم الطبية التطبيقية بالمجمعة - طالبات (AMF) 00157924 مكتبة كلية العلوم الطبية التطبيقية بالمجمعة - طالبات (AMF) 2019-08-22 كتاب Dewey Decimal Classification  
  2018-09-04     610.153 PER 2018-09-04 مكتبة مجمع الكليات بالزلفى - طلاب (SZM) 00657684 مكتبة مجمع الكليات بالزلفى - طلاب (SZM) 2018-09-04 كتاب Dewey Decimal Classification  
  2018-09-04     610.153 PER 2018-09-04 مكتبة مجمع الكليات بالزلفى - طلاب (SZM) 00657685 مكتبة مجمع الكليات بالزلفى - طلاب (SZM) 2018-09-04 كتاب Dewey Decimal Classification